Social movements and free-market capitalism in Latin America : telecommunications privatization and the rise of consumer
Αποθηκεύτηκε σε:
| Κύριος συγγραφέας: | |
|---|---|
| Μορφή: | Βιβλίο |
| Γλώσσα: | English |
| Δημοσίευση: |
Albany :
State University of New York Press,
c2006
|
| Θέματα: | |
| Ετικέτες: |
Προσθήκη ετικέτας
Δεν υπάρχουν, Καταχωρήστε ετικέτα πρώτοι!
|
MARC
| LEADER | 00000nam a2200000 i 4500 | ||
|---|---|---|---|
| 001 | 1/73623 | ||
| 008 | 080206s2006 eng d | ||
| 020 | |a 0-7914-6598-5 | ||
| 035 | |l 10094431 | ||
| 040 | |a GR-MY-UA |b gre |e aacr | ||
| 041 | 0 | |a eng | |
| 082 | 0 | |a 384.041 |2 (22) | |
| 100 | 1 | |a Rhodes, Sybil. | |
| 245 | 1 | 0 | |a Social movements and free-market capitalism in Latin America : |b telecommunications privatization and the rise of consumer / |c Sybil Rhodes |
| 260 | |a Albany : |b State University of New York Press, |c c2006 | ||
| 300 | |a xii, 228 σ.; |b εικ., πίν.; |c 23 εκ. | ||
| 504 | |a Περιέχει βιβλιογραφικές παραπομπές και ευρετήριο | ||
| 650 | 0 | 0 | |a Consumer protection |z Latin America |x History |y 20th century. |
| 650 | 0 | 0 | |a Protest movements |z Latin America |x History |y 20th century. |
| 650 | 0 | 0 | |a Privatization |z Latin America |x History |y 20th century. |
| 650 | 0 | 0 | |a Telecommunication |z Latin America |x History |y 20th century. |
| 852 | |a INST |b LESVOS |e 20080206 |h 384.041 RHO |p 005100038847 |q 005100038847 |t BK |y 0 | ||
| 901 | |a BIBL1-2008-1 | ||
| 909 | |a Λ |b 145226 | ||
| 922 | |a 1ΕΛΗ |b 200801 |c ΕΠΕΑΕΚ2/ΤΚ |d ΕΛΕΥΘΕΡΟΥΔΑΚΗΣ | ||
| 970 | |a ΓΙΑΛΑΜΑ |b ΜΑΡΙΑ |z 2008/02/06 | ||